03149 2201525 4500001002100000005001500021035002000036008004100056245002700097100001900124250000600143260003400149300003700183020002200220084001400242082000800256650001500264990001200279990001200291990001200303990001200315990001200327990001200339990001200351990001200363990001200375990001200387990001200399990001200411990001200423990001200435990001200447990001200459990001200471990001200483990001200495990001200507990001200519990001200531990001200543990001200555990001200567990001200579990001200591990001200603990001200615990001200627990001200639990001200651990001200663990001200675990001200687990001200699990001200711990001200723990001200735990001200747990001200759990001200771990001200783990001200795990001200807990001200819990001200831990001200843990001200855990001200867990001200879990001200891990001200903990001200915990001200927990001200939990001200951990001200963990001200975990001200987990001200999990001201011990001201023990001201035990001201047990001201059990001201071990001201083990001201095990001201107990001201119990001201131990001201143990001201155990001201167990001201179990001201191990001201203990001201215990001201227990001201239990001201251990001201263990001201275990001201287990001201299990001201311990001201323990001201335990001201347990001201359990001201371990001201383990001201395990001201407990001201419990001201431990001201443990001201455990001201467990001201479990001201491990001201503990001201515990001201527990001201539990001201551990001201563990001201575990001201587990001201599990001201611INLIS00000000000138820240722113756 a0010-0724000008240722 | 0 ind 1 aKIMIA /cGaluh Yuliani aYuliani, Galuh a1 aJakarta :bKemendikbud,c2022 a210 hlm :bilus. ;c17.5 x 21 cm a978-602-427-922-6 a540 GAL k a540 4aBUKU Paket a0750983 a0750984 a0750985 a0750986 a0750987 a0750988 a0750989 a0750990 a0750991 a0750992 a0750993 a0750994 a0750995 a0750996 a0750997 a0750998 a0750999 a0751000 a0751001 a0751002 a0751003 a0751004 a0751005 a0751006 a0751007 a0751008 a0751009 a0751010 a0751011 a0751012 a0751013 a0751014 a0751015 a0751016 a0751017 a0751018 a0751019 a0751020 a0751021 a0751022 a0751023 a0751024 a0751025 a0751026 a0751027 a0751028 a0751029 a0751030 a0751031 a0751032 a0751033 a0751034 a0751035 a0751036 a0751037 a0751038 a0751039 a0751040 a0751041 a0751042 a0751043 a0751044 a0751045 a0751046 a0751047 a0751048 a0751049 a0751050 a0751051 a0751052 a0751053 a0751054 a0751055 a0751056 a0751057 a0751058 a0751059 a0751060 a0751061 a0751062 a0751063 a0751064 a0751065 a0751066 a0751067 a0751068 a0751069 a0751070 a0751071 a0751072 a0751073 a0751074 a0751075 a0751076 a0751077 a0751078 a0751079 a0751080 a0751081 a0751082 a0751083 a0751084 a0751085 a0751086 a0751087 a0751088 a0751089 a0751090 a0751091 a0751092 a0751093 a0751094